Statistiques concernant Testez votre culture G ! #1 - En Europe

Cliquez ici pour prendre le quiz!

Statistiques générales

  • Ce quiz a été pris 237 fois
  • Le résultat moyen est 8 sur 15

Statistiques - réponses

QuestionRéponse% Correct
Lequel de ces pays ne se trouve pas en Europe ?La Chine
99%
De quel pays Vienne est-elle la capitale ?de l'Autriche
98%
Combien de pays partagent une frontière avec le Portugal ?1
97%
Lequel de ces états porte le même nom que sa capitale ?Monaco
86%
Lequel est le dernier à y être entré ?La Croatie
78%
Lequel de ces pays a un drapeau qui ne porte que du blanc et du rouge ?Le Danemark
73%
Laquelle de ces personnalités n'est pas née en Belgique ?Dany Boon
68%
Combien de pays sont les fondateurs de l'Union Européenne ?6
53%
Dans quel pays ne passent pas les personnages du dessin animé Pixar "Cars 2" ?Allemagne
46%
Combien de mers bordent la France ?3
36%
Hormis le macédonien, quelle est l'autre langue la plus parlée en Macédoine du Nord ?L'albanais
31%
Parmi les 45 états européens, combien ont un symbole représenté sur leur drapeau (soit autre que des bandes, des croix et des ronds colorés) ?17
18%
Quelle est l'année de naissance de l'archiduc François-Ferdinand, assassiné en 1914 (évènement déclencheur de la Première Guerre Mondiale) ?1863
15%
Combien de kilomètres séparent Athènes (capitale grecque) de Minsk (capitale biélorusse) (en voiture) ?2570 km
13%
Choisissez l'orthographe correcte de la Biélorussie en russe.Беларусь
11%

Distribution des résultats

Percentile par nombre de réponses

% des personnes avec chaque résultat

Votre développement - résultats

Vous n’avez pas pris ce quiz